000 00730nam a2200253Ia 4500
003 OSt
005 20220918173144.0
006 a|||||r|||| 00| 0
007 ta
008 220917b |||||||| |||| 00| 0 eng d
024 _a5,379
037 _cTextual
040 _aARTS
_cARTS
_beng
041 _2eng
_aeng
082 _a2:7, N6 (2D)
100 _aPinder Chris ed
_945124
245 0 _aProviding customer-oriented services in academic libraries
260 _aLondon
_bLibrary Association
_c1996
300 _axviii,187p
_ccm.
650 _aLIBRARY SCIENCE
700 _a Melling Maxine. ed
_945125
942 _h2:7, N6 (2D)
_cTEXL
_2CC
999 _c147413
_d147413